000 00727nam a2200205 a 4500
008 150320s2000 ||||||||||||||||| || u
020 _a0821346636
050 _aIBRD(06)HNP/2000/1
110 _aWorld Bank
245 1 0 _aPopulation and the World Bank : adapting to change.-- Revised edition
250 _aRev. ed.
260 _aWashington, D.C.
_bWorld Bank
_c2000
300 _a47 p.
490 _aHealth, nutrition, and population
500 _aIncludes bibliographical references.
650 _aPopulation policy
650 _aWORLD BANK
650 0 _aPOPULATION
995 _FCBU-MAIN LIBRARY (Kitwe)
_M1
_UAVAILABLE
_WMar 20, 2015
_ZInternational Publications
999 _c54009
_d54009